<?xml version="1.0" encoding="UTF-8"?>
<collection xmlns="http://www.loc.gov/MARC21/slim">
  <record>
    <leader>00000nam  2200000   4500</leader>
    <controlfield tag="001">INLIS000000000016641</controlfield>
    <datafield tag="035" ind1="#" ind2="#">
      <subfield code="a">0010-1223000078</subfield>
    </datafield>
    <datafield tag="245" ind1="#" ind2="#">
      <subfield code="a">Peningkatan Mapenaling dengan Program Moralitas untuk Menjadikan Warga Binaan yang Taat Peraturan dan Tata Tertib dalam Lembaga Pemasyarakatan Perempuan Kelas IIA Medan Kantor Wilayah Sumatera Utara Kementerian Hukum dan Hak Asasi Manusia /</subfield>
      <subfield code="c">Marlia Rezeki Santoso</subfield>
    </datafield>
    <datafield tag="100" ind1="#" ind2="#">
      <subfield code="a">Marlia Rezeki Santoso</subfield>
    </datafield>
    <datafield tag="260" ind1="#" ind2="#">
      <subfield code="a">Sumedang :</subfield>
      <subfield code="b">Puslatbang PKASN LAN,</subfield>
      <subfield code="c">2023</subfield>
    </datafield>
    <datafield tag="300" ind1="#" ind2="#">
      <subfield code="a">95 hal ;</subfield>
      <subfield code="c">29 cm.</subfield>
    </datafield>
    <datafield tag="084" ind1="#" ind2="#">
      <subfield code="a">R PKP/F/029 2023</subfield>
    </datafield>
    <datafield tag="520" ind1="#" ind2="#">
      <subfield code="a">Coach : Anita Ilyas</subfield>
    </datafield>
    <datafield tag="082" ind1="#" ind2="#">
      <subfield code="a">R PKP/F/029 2023</subfield>
    </datafield>
    <datafield tag="990" ind1="#" ind2="#">
      <subfield code="a">PKP.2023.00241</subfield>
    </datafield>
  </record>
</collection>
